Hóa học phân tích các dung dịch và tin học
Trình bày hóa học các dung dịch và tin họ, Axit và bazo; các chất oxy hóa và các chất khử. Đề cập đến phức chất; Các phản ứng kết quả; trao đổi đồng thời nhiều phân tử; chương trình
Đã lưu trong:
| Tác giả chính: | |
|---|---|
| Định dạng: | Sách |
| Năm xuất bản: |
H.
ĐHQG
1996
|
| Chủ đề: | |
| Tags: |
Thêm thẻ
Không có thẻ, Hãy là người đầu tiên gắn thẻ bản ghi này!
|
| LEADER | 04340nam a2200397 4500 | ||
|---|---|---|---|
| 082 | |a 543.01 |b R400S | ||
| 100 | |a Robert Rosset | ||
| 245 | |a Hóa học phân tích các dung dịch và tin học |c Robert Rosset, Dennise Bauer, Jean Debarres, Hồ Viết Quý, Đặng Trần Phách dịch, Nguyễn Tinh Dung hiệu đính | ||
| 260 | |a H. |b ĐHQG |c 1996 | ||
| 300 | |a 278 tr. |c 21 cm | ||
| 520 | |a Trình bày hóa học các dung dịch và tin họ, Axit và bazo; các chất oxy hóa và các chất khử. Đề cập đến phức chất; Các phản ứng kết quả; trao đổi đồng thời nhiều phân tử; chương trình | ||
| 653 | |a Hóa học | ||
| 653 | |a Hóa học phân tích | ||
| 653 | |a Tin học | ||
| 653 | |a Mô phỏng | ||
| 942 | |2 ddc |c STK0 | ||
| 999 | |c 1870 |d 1870 | ||
| 952 | |0 0 |1 0 |2 ddc |4 0 |6 543_010000000000000_R400S |7 1 |8 500 |9 28785 |a qbu |b qbu |c D3 |d 2014-12-10 |g 55000 |o 543.01 R400S |p 2066.c1 |r 0000-00-00 |w 2014-12-10 |y STK0 |0 0 |6 543_010000000000000_R400S | ||
| 952 | |0 0 |1 0 |2 ddc |4 0 |6 543_010000000000000_R400S |7 0 |8 500 |9 28786 |a qbu |b qbu |c D3 |d 2014-12-10 |g 55000 |o 543.01 R400S |p 2066.c2 |r 0000-00-00 |w 2014-12-10 |y STK0 |0 0 |6 543_010000000000000_R400S | ||
| 952 | |0 0 |1 0 |2 ddc |4 0 |6 543_010000000000000_R400S |7 0 |8 500 |9 28787 |a qbu |b qbu |c D3 |d 2014-12-10 |g 55000 |o 543.01 R400S |p 2066.c3 |r 0000-00-00 |w 2014-12-10 |y STK0 |0 0 |6 543_010000000000000_R400S | ||
| 952 | |0 0 |1 0 |2 ddc |4 0 |6 543_010000000000000_R400S |7 0 |8 500 |9 28788 |a qbu |b qbu |c D3 |d 2014-12-10 |g 55000 |o 543.01 R400S |p 2066.c4 |r 0000-00-00 |w 2014-12-10 |y STK0 |0 0 |6 543_010000000000000_R400S | ||
| 952 | |0 0 |1 0 |2 ddc |4 0 |6 543_010000000000000_R400S |7 0 |8 500 |9 28789 |a qbu |b qbu |c D3 |d 2014-12-10 |g 55000 |o 543.01 R400S |p 2066.c5 |r 0000-00-00 |w 2014-12-10 |y STK0 |0 0 |6 543_010000000000000_R400S | ||
| 952 | |0 0 |1 0 |2 ddc |4 0 |6 543_010000000000000_R400S |7 0 |8 500 |9 28790 |a qbu |b qbu |c D3 |d 2014-12-10 |g 55000 |o 543.01 R400S |p 2066.c6 |r 0000-00-00 |w 2014-12-10 |y STK0 |0 0 |6 543_010000000000000_R400S | ||
| 952 | |0 0 |1 0 |2 ddc |4 0 |6 543_010000000000000_R400S |7 0 |8 500 |9 28791 |a qbu |b qbu |c D3 |d 2014-12-10 |g 55000 |o 543.01 R400S |p 2066.c7 |r 0000-00-00 |w 2014-12-10 |y STK0 |0 0 |6 543_010000000000000_R400S | ||
| 952 | |0 0 |1 0 |2 ddc |4 0 |6 543_010000000000000_R400S |7 0 |8 500 |9 28792 |a qbu |b qbu |c D3 |d 2014-12-10 |g 55000 |o 543.01 R400S |p 2066.c8 |r 0000-00-00 |w 2014-12-10 |y STK0 |0 0 |6 543_010000000000000_R400S | ||
| 952 | |0 0 |1 0 |2 ddc |4 0 |6 543_010000000000000_R400S |7 0 |8 500 |9 28793 |a qbu |b qbu |c D3 |d 2014-12-10 |g 55000 |o 543.01 R400S |p 2066.c9 |r 0000-00-00 |w 2014-12-10 |y STK0 |0 0 |6 543_010000000000000_R400S | ||
| 952 | |0 0 |1 0 |2 ddc |4 0 |6 543_010000000000000_R400S |7 0 |8 500 |9 28794 |a qbu |b qbu |c D3 |d 2014-12-10 |g 55000 |o 543.01 R400S |p 2066.c10 |r 0000-00-00 |w 2014-12-10 |y STK0 |0 0 |6 543_010000000000000_R400S | ||
| 952 | |0 0 |1 0 |2 ddc |4 0 |6 543_010000000000000_R400S |7 0 |8 500 |9 28795 |a qbu |b qbu |c D3 |d 2014-12-10 |g 55000 |o 543.01 R400S |p 2066.c11 |r 0000-00-00 |w 2014-12-10 |y STK0 |0 0 |6 543_010000000000000_R400S | ||
| 952 | |0 0 |1 0 |2 ddc |4 0 |6 543_010000000000000_R400S |7 0 |8 500 |9 28796 |a qbu |b qbu |c D3 |d 2014-12-10 |g 55000 |o 543.01 R400S |p 2066.c12 |r 0000-00-00 |w 2014-12-10 |y STK0 |0 0 |6 543_010000000000000_R400S | ||
| 952 | |0 0 |1 0 |2 ddc |4 0 |6 543_010000000000000_R400S |7 0 |8 500 |9 28797 |a qbu |b qbu |c D3 |d 2014-12-10 |g 55000 |o 543.01 R400S |p 2066.c13 |r 0000-00-00 |w 2014-12-10 |y STK0 |0 0 |6 543_010000000000000_R400S | ||
| 952 | |0 0 |1 0 |2 ddc |4 0 |6 543_010000000000000_R400S |7 0 |8 500 |9 28798 |a qbu |b qbu |c D3 |d 2014-12-10 |g 55000 |o 543.01 R400S |p 2066.c14 |r 0000-00-00 |w 2014-12-10 |y STK0 |0 0 |6 543_010000000000000_R400S | ||
| 952 | |0 0 |1 0 |2 ddc |4 0 |6 543_010000000000000_R400S |7 0 |8 500 |9 28799 |a qbu |b qbu |c D3 |d 2014-12-10 |g 55000 |o 543.01 R400S |p 2066.c15 |r 0000-00-00 |w 2014-12-10 |y STK0 |0 0 |6 543_010000000000000_R400S | ||
| 952 | |0 0 |1 0 |2 ddc |4 0 |6 543_010000000000000_R400S |7 0 |8 500 |9 28800 |a qbu |b qbu |c D3 |d 2014-12-10 |g 55000 |o 543.01 R400S |p 2066.c16 |r 0000-00-00 |w 2014-12-10 |y STK0 |0 0 |6 543_010000000000000_R400S | ||
| 952 | |0 0 |1 0 |2 ddc |4 0 |6 543_010000000000000_R400S |7 0 |8 500 |9 28801 |a qbu |b qbu |c D3 |d 2014-12-10 |g 55000 |o 543.01 R400S |p 2066.c17 |r 0000-00-00 |w 2014-12-10 |y STK0 |0 0 |6 543_010000000000000_R400S | ||
| 952 | |0 0 |1 0 |2 ddc |4 0 |6 543_010000000000000_R400S |7 0 |8 500 |9 28802 |a qbu |b qbu |c D3 |d 2014-12-10 |g 55000 |o 543.01 R400S |p 2066.c18 |r 0000-00-00 |w 2014-12-10 |y STK0 |0 0 |6 543_010000000000000_R400S | ||
| 952 | |0 0 |1 0 |2 ddc |4 0 |6 543_010000000000000_R400S |7 0 |8 500 |9 108411 |a qbu |b qbu |c D3 |d 2016-10-13 |g 55000 |o 543.01 R400S |p 2066.c19 |r 0000-00-00 |w 2016-10-13 |y STK0 |0 0 |6 543_010000000000000_R400S | ||